000 00340nam a22001457a 4500
008 230718b ||||| |||| 00| 0 eng d
020 _a9781337276252
041 _aeng
080 _2TWELFTH EDITION
_a311
082 _a311BRA
100 _a25.2
101 _aSTSC
245 _aUNDERSTANDABLE STATISTICS
_cBRASE .H .CH
942 _2udc
_cBK
999 _c60157
_d60157